Affinity chromatography (Record no. 32034)

MARC details
000 -LEADER
fixed length control field 00348nam a2200133Ia 4500
082 ## - DEWEY DECIMAL CLASSIFICATION NUMBER
Classification number 574:543.54(06)
Item number HOF
245 #0 - TITLE STATEMENT
Title Affinity chromatography
260 ## - PUBLICATION, DISTRIBUTION, ETC. (IMPRINT)
Place of publication Oxford
Name of publisher Pergamon
Year of publication 1978
650 ## - SUBJECT ADDED ENTRY--TOPICAL TERM
Topical Term Affinity chromatography
650 ## - SUBJECT ADDED ENTRY--TOPICAL TERM
Topical Term Gel matrices
700 ## - ADDED ENTRY--PERSONAL NAME
Personal name HOFFMANN-OSTENHOF, O
942 ## - ADDED ENTRY ELEMENTS (KOHA)
Koha item type Books
Holdings
Withdrawn status Lost status Damaged status Not for loan Home library Current library Date acquired Full call number Accession Number Koha item type
        RRII Library RRII Library 16/12/2021 574:543.54(06) HOF 12560 Books